书目信息 |
| 题名: |
环糊精化学
|
|
| 作者: | 童林荟 著 | |
| 分册: | ||
| 出版信息: | 北京 科学出版社 2001 |
|
| 页数: | 384页 | |
| 开本: | 23cm | |
| 丛书名: | ||
| 单 册: | ||
| 中图分类: | O636.1 | |
| 科图分类: | ||
| 主题词: | 环糊精--高分子化学 | |
| 电子资源: | ||
| ISBN: | 7-03-008490-X | |
| 000 | 00617nam0 2200205 45 | |
| 001 | 0306161438 | |
| 005 | 20031219104111.1 | |
| 010 | @a7-03-008490-X@b精装@dCNY48.00 | |
| 100 | @a20030616d2001 km y0chiy0120 ea | |
| 101 | 0 | @achi |
| 105 | @a z 000yy | |
| 200 | 1 | @a环糊精化学@AHuan Hu Jing Hua Xue@e基础与应用@EJi Chu Yu Ying Yong@f童林荟著@FTong Lin Hui Zhu |
| 210 | @a北京@c科学出版社@d2001 | |
| 215 | @a384页@d23cm | |
| 517 | @a基础与应用@AJi Chu Yu Ying Yong | |
| 606 | 0 | @a环糊精@x高分子化学 |
| 690 | @aO636.1@v4 | |
| 701 | 0 | @a童林荟@4著 |
| 801 | @aCN@bTSTC@c20030616 | |
| 905 | @b323995-999@dO636.1@e35@f5 | |
| 环糊精化学:基础与应用/童林荟著.-北京:科学出版社,2001 |
| 384页;23cm |
| ISBN 7-03-008490-X(精装):CNY48.00 |
| ● |
| 相关链接 |
|
|
|
|
正题名:环糊精化学
索取号:O636.1/35
 
预约/预借
| 序号 | 登录号 | 条形码 | 馆藏地/架位号 | 状态 | 备注 |
| 1 | 0323995 | 203239959 | 第三借阅区/ [索取号:O636.1/35] | 在馆 | |
| 2 | 0323996 | 203239968 | 第三借阅区/ [索取号:O636.1/35] | 在馆 | |
| 3 | 0323997 | 203239977 | 第三借阅区/ [索取号:O636.1/35] | 在馆 | |
| 4 | 0323998 | 203239986 | 第三借阅区/ [索取号:O636.1/35] | 在馆 | |
| 5 | 0323999 | 203239995 | 第二样本阅览室/ [索取号:O636.1/35] | 在馆 |